00409nam a2200109Ia 4500008004100000041000800041100001900049245013900068260005100207300000800258700003300266250110s9999 xx 000 0 und d aeng aChavan Ashraya aReactivating Urban Open Spaces Through Landscape Policies And Landscape Masterplan Proposal For Urban Park Near Sambhaji Lake -Solapur bBNCA M Arch Landscape Architecture, Punec2022 a49p aGuide Name:Khatavkar Anupama